Techno-economic survey of Delhi / (Record no. 136919)

MARC details
000 -LEADER
fixed length control field 00765nam a2200217 4500
010 ## - LIBRARY OF CONGRESS CONTROL NUMBER
LC control number 710000
020 ## - INTERNATIONAL STANDARD BOOK NUMBER
Terms of availability 40.00
035 ## - SYSTEM CONTROL NUMBER
System control number 710000
037 ## - SOURCE OF ACQUISITION
Source of stock number/acquisition Cen Lib / Ret
040 ## - CATALOGING SOURCE
Original cataloging agency DPL
Language of cataloging EN
082 ## - DEWEY DECIMAL CLASSIFICATION NUMBER
Classification number 309.15416
Item number NAT
110 ## - MAIN ENTRY--CORPORATE NAME
Subordinate unit National Council of Applied Economic Research.
245 ## - TITLE STATEMENT
Title Techno-economic survey of Delhi /
Statement of responsibility, etc by National Council of Applied Economic Research.
260 ## - PUBLICATION, DISTRIBUTION, ETC. (IMPRINT)
Place of publication, distribution, etc New Delhi
Name of publisher, distributor, etc National Council of Applied Economic Research.
Date of publication, distribution, etc 1973
270 ## - ADDRESS
Address 13/7, Ariff Road
City Calcutta
300 ## - PHYSICAL DESCRIPTION
Extent xi, 299p
Dimensions 27cm(Hb)
650 ## - SUBJECT ADDED ENTRY--TOPICAL TERM
Topical term or geographic name as entry element Delhi (India : Union Territory) -- Economic conditions.
650 ## - SUBJECT ADDED ENTRY--TOPICAL TERM
Topical term or geographic name as entry element Urbanization -- India -- Delhi (Union Territory)
650 ## - SUBJECT ADDED ENTRY--TOPICAL TERM
Topical term or geographic name as entry element Economic history.
942 ## - ADDED ENTRY ELEMENTS (KOHA)
Source of classification or shelving scheme Dewey Decimal Classification
Koha item type English Books
Classification part 309.15416
Call number suffix NAT
Holdings
Withdrawn status Lost status Damaged status Not for loan Home library Current library Date acquired Source of acquisition Cost, normal purchase price Total Checkouts Full call number Barcode Date last seen Copy number Cost, replacement price Price effective from Koha item type Public note
Written off       Central Library Central Library 11/03/2016 Cen Lib/Ret 40.00   309.15416 NAT 710000 11/03/2016 1 40.00 11/03/2016 English Books Written off on approval by DLB (By Circulation); dtd 15-06-2023

© Delhi Public Library
Hit Counter
free hit counter